Normal view MARC view
  • Tapia Ortega, Enrque

Entry Nombre Personal

Number of records used in: 1

001 - NUMERO DE CONTROL

  • campo de control: 44656

003 - IDENTIFICADOR DE NUMERO DE CONTROL

  • campo de control: MX-MxUPN

005 - FECHA Y HORA DE LA ÜLTIMA TRANSACCIÓN

  • campo de control: 20220602082729.0

008 - DATOS DE LONGITUD FIJA

  • campo de control de longitud fija: 220602|| aca||aabn | a|a d

040 ## - FUENTE DE CATALOGACIÓN

  • Agencia original de catalogación: MX-MxUPN
  • Lenguaje de catalogación: spa
  • Agencia de transcripción: MX-MxUPN

100 1# - ENCABEZAMIENTO - NOMBRE PERSONAL

  • Nombre personal: Tapia Ortega, Enrque

670 ## - FUENTE EN LA QUE SE LOCALIZARON DATOS

  • Cita de la fuente: Historia 2: descubriendo el pasado, 1994:
  • Información localizada: portada (Enrique Tapia Ortega)

902 ## - CATALOGADOR

  • Catalogador: VRC/020622